书目信息 |
| 题名: |
中国考古未解之谜
|
|
| 作者: | 谢万幸 , 杨飞 编著 | |
| 分册: | ||
| 出版信息: | 北京 光明日报出版社 2005 |
|
| 页数: | 189页 | |
| 开本: | 23cm | |
| 丛书名: | 图文未解之谜系列 | |
| 单 册: | ||
| 中图分类: | K87-49 | |
| 科图分类: | ||
| 主题词: | 考古发现 , 考古发现--中国--通俗读物 | |
| 电子资源: | ||
| ISBN: | 7-80145-944-X | |
| 000 | 00935oam2 2200277 450 | |
| 001 | 002879911 | |
| 005 | 20061122152817.98 | |
| 010 | @a7-80145-944-X@dCNY18.00 | |
| 100 | @a20050221d2005 em y0chiy0110 ea | |
| 101 | 0 | @achi |
| 102 | @aCN@b110000 | |
| 105 | @aa z 001yy | |
| 200 | 1 | @a中国考古未解之谜@9zhong guo kao gu wei jie zhi mi@e图文版@f谢万幸,杨飞编著 |
| 210 | @a北京@c光明日报出版社@d2005 | |
| 215 | @a189页@d23cm | |
| 225 | 2 | @a图文未解之谜系列 |
| 330 | @a本书从古代遗址不解之谜、消逝的璀璨文明、墓葬的神秘王国、文物的奥秘世界等四个方面,对50多个中国考古未解之谜进行了全面剖析。 | |
| 461 | 0 | @12001 @a图文未解之谜系列 |
| 510 | 1 | @aUnsolved Mysteries of Chinese Archaeology@zeng |
| 606 | 0 | @a考古发现 |
| 606 | 0 | @a考古发现@y中国@j通俗读物 |
| 690 | @aK87-49@v4 | |
| 701 | 0 | @a谢万幸@9xie wan xing@4编著 |
| 701 | 0 | @a杨飞@9yang fei@c(传记)@4编著 |
| 801 | 0 | @aCN@bNLC@c20061122 |
| 905 | @a10447@dK87-49@e204 | |
| 中国考古未解之谜:图文版/谢万幸,杨飞编著.-北京:光明日报出版社,2005 |
| 189页;23cm.-(图文未解之谜系列) |
| ISBN 7-80145-944-X:CNY18.00 |
| 本书从古代遗址不解之谜、消逝的璀璨文明、墓葬的神秘王国、文物的奥秘世界等四个方面,对50多个中国考古未解之谜进行了全面剖析。 |
| ● |
| 相关链接 |
|
|
|
|
正题名:中国考古未解之谜
索取号:K87-49/204
 
预约/预借
| 序号 | 登录号 | 条形码 | 馆藏地/架位号 | 状态 | 备注 |
| 1 | 0390785 | 203907852 | 第二样本阅览室/ [索取号:K87-49/204] | 在馆 | |
| 2 | 0390786 | 203907861 | 第二借阅区/ [索取号:K87-49/204] | 在馆 | |
| 3 | 0390787 | 203907870 | 第二借阅区/ [索取号:K87-49/204] | 在馆 | |
| 4 | 0390788 | 203907889 | 第二借阅区/ [索取号:K87-49/204] | 在馆 | |
| 5 | 0390789 | 203907898 | 第二借阅区/ [索取号:K87-49/204] | 在馆 |